Nuevos sujetos sociales: identidad y cultura, servicio a la acción popular, SE.A.P

Gespeichert in:
Bibliographische Detailangaben
1. Verfasser: Parisí, Alberto (autor)
Format: Buch
Sprache:Spanisch
Veröffentlicht: Buenos Aires Espacio 1996
Schriftenreihe:Colección Ciencias Sociales
Schlagworte:
Tags: Tag hinzufügen
Keine Tags, Fügen Sie den ersten Tag hinzu!

MARC

LEADER 00000nam a2200000 a 4500
001 UCM0794
003 CL-VaPUC
008 020315e19960000AG |||||||||||||||||spa|d
082 0 4 |a 302.5  |b PAR  |2 21 
100 |a Parisí, Alberto  |e autor  |9 467779 
245 1 0 |a Nuevos sujetos sociales: identidad y cultura, servicio a la acción popular, SE.A.P 
300 |a 194 p 
942 |c BK 
945 |d 20020315 00:00:00  |a vberengu 
260 |a Buenos Aires  |b Espacio  |c 1996 
650 7 |a DESFAVORECIDOS SOCIALES  |2 CL-VaPUC  |9 321791 
650 0 |a Marginación social   |9 430243 
650 0 |a Problemas sociales  |9 258537 
651 0 |a Córdoba  |9 267665 
583 |a last modification  |c 20020315 00:00:00  |k Rodrigo Vera 
490 0 |a Colección Ciencias Sociales 
999 |c 299614  |d 299612 
952 |0 0  |1 0  |4 0  |6 302_500000000000000_PAR_1996  |7 0  |8 A  |9 356348  |a BIBGIM  |b BIBGIM  |d 2019-11-21  |i 3797104  |o 302.5 PAR 1996  |p 3797104  |r 2025-01-15  |w 2019-11-21  |y BK  |k GIM